| 000 | 00345nam a2200145Ia 4500 | ||
|---|---|---|---|
| 008 | 230917s9999||||xx |||||||||||||| ||und|| | ||
| 040 |
_e47795 _aMAIN |
||
| 041 | _aEnglish | ||
| 082 | _a843.4 M298L | ||
| 100 | _aMalory, Thomas | ||
| 245 | 0 | _aLe Morte d'Arthur; V1 | |
| 260 |
_aLondon _bDent _c1972 |
||
| 300 | _axxxviii, 401 p. | ||
| 942 | _cBK | ||
| 999 |
_c180568 _d180568 |
||